Normal view
MARC view
- Fat cells
Entry Topical Term
001 - CONTROL NUMBER
- control field: 5426
003 - CONTROL NUMBER IDENTIFIER
- control field: OSt
005 - DATE AND TIME OF LATEST TRANSACTION
- control field: 20170517115358.0
008 - FIXED-LENGTH DATA ELEMENTS
- fixed length control field: 170517|| aca||aabn | a|a d
040 ## - CATALOGING SOURCE
- Original cataloging agency: OSt
- Transcribing agency: OSt
150 ## - HEADING--TOPICAL TERM
- Topical term or geographic name entry element: Fat cells
- General subdivision: Congresses.
670 ## - SOURCE DATA FOUND
- Source citation: Work cat.: (OSt): The adipocyte and obesity :, 1983

PORTAL AKMAL
E-MEL JKDM
AKMAL2U
G-BAM
u-PUSTAKA